The magic school bus : (Record no. 1622)

MARC details
000 -LEADER
fixed length control field 01068cam a22003137a 4500
005 - DATE AND TIME OF LATEST TRANSACTION
control field 20260311092609.0
020 ## - INTERNATIONAL STANDARD BOOK NUMBER
International Standard Book Number 9780439684026
040 ## - CATALOGING SOURCE
Original cataloging agency DLC
Transcribing agency DLC
Language of cataloging eng
050 00 - LIBRARY OF CONGRESS CALL NUMBER
Classification number QP111.6
082 ## - DEWEY DECIMAL CLASSIFICATION NUMBER
Classification number 612.17
100 1# - MAIN ENTRY--PERSONAL NAME
Personal name Capeci, Anne
245 14 - TITLE STATEMENT
Title The magic school bus :
Remainder of title Has a heart /
Statement of responsibility, etc. written by Anne Capeci ; illustrated by Degen, Bruce
250 ## - EDITION STATEMENT
Edition statement First printing, January 2005
260 ## - PUBLICATION, DISTRIBUTION, ETC.
Place of publication, distribution, etc. New York :
Name of publisher, distributor, etc. Scholastic,
Date of publication, distribution, etc. 2005
300 ## - PHYSICAL DESCRIPTION
Extent 29 unnumbered pages :
Other physical details Color illustrations ;
Dimensions 24 cm
490 0# - SERIES STATEMENT
Series statement The Magic School Bus
500 ## - GENERAL NOTE
General note "Based on The Magic School Bus books written by Joanna Cole and illustrated by Bruce Degen."--T.p. verso.
505 ## - FORMATTED CONTENTS NOTE
Formatted contents note J <br/>
520 ## - SUMMARY, ETC.
Summary, etc. A story about Ms. Frizzle's class teaches young readers about the human heart and circulatory system.
521 ## - TARGET AUDIENCE NOTE
Target audience note 490 <br/>
Source Lexile <br/>
521 ## - TARGET AUDIENCE NOTE
Target audience note J <br/>
Source Raz-Plus <br/>
650 ## - SUBJECT ADDED ENTRY--TOPICAL TERM
Topical term or geographic name entry element Health
650 ## - SUBJECT ADDED ENTRY--TOPICAL TERM
Topical term or geographic name entry element Anatomy
650 ## - SUBJECT ADDED ENTRY--TOPICAL TERM
Topical term or geographic name entry element Biology
700 1# - ADDED ENTRY--PERSONAL NAME
Personal name Degen, Bruce
Relator term illustrator
906 ## - LOCAL DATA ELEMENT F, LDF (RLIN)
a 7
b cbc
c orignew
d 4
e ncip
f 20
g y-gencatlg
942 ## - ADDED ENTRY ELEMENTS (KOHA)
Source of classification or shelving scheme Dewey Decimal Classification
Koha item type Books
Suppress in OPAC No
999 ## -
-- 1622
-- 1622
Holdings
Withdrawn status Lost status Source of classification or shelving scheme Damaged status Not for loan Collection Home library Current library Shelving location Date acquired Total Checkouts Full call number Barcode Date last seen Date last checked out Copy number Price effective from Koha item type
    Dewey Decimal Classification     Non-Fiction Footprints International School Library Network Toul Tom Poung Campus Footprints International School Library Network Toul Tom Poung Campus TTP Primary Dark Blue Bookshelves 09/11/2023 7 CAP 612.17 QP111.6 FIS04905 03/11/2026 01/21/2026 1 09/11/2023 Books